[Event "69th ch-RUS 2016"]
[Site "Novosibirsk RUS"]
[Date "2016.10.19"]
[Round "4.5"]
[White "Svidler, Peter"]
[Black "Riazantsev, Alexander"]
[Result "1/2-1/2"]
[WhiteTitle "GM"]
[BlackTitle "GM"]
[WhiteElo "2745"]
[BlackElo "2651"]
[WhiteFideId "4102142"]
[BlackFideId "4125029"]
[EventDate "2016.10.16"]

1. e4 c6 2. d4 d5 3. e5 Bf5 4. Nf3 e6 5. Be2 Ne7 6. O-O Bg6 7. c3 h6 8. a4 Nd7
9. Nbd2 c5 10. dxc5 Nxc5 11. Nd4 Nc6 12. a5 a6 13. f4 Ne4 14. Nxe4 Bxe4 15. b4
Be7 16. Be3 Nxd4 17. Bxd4 O-O 18. Bf3 Bxf3 19. Rxf3 f5 20. exf6 Bxf6 21. Bc5 Be7
22. Bd4 Bf6 23. Bc5 Be7 24. Bd4 Bf6 1/2-1/2

[Event "69th ch-RUS 2016"]
[Site "Novosibirsk RUS"]
[Date "2016.10.19"]
[Round "4.6"]
[White "Fedoseev, Vladimir3"]
[Black "Tomashevsky, Evgeny"]
[Result "1/2-1/2"]
[WhiteTitle "GM"]
[BlackTitle "GM"]
[WhiteElo "2665"]
[BlackElo "2724"]
[WhiteFideId "24130737"]
[BlackFideId "4147235"]
[EventDate "2016.10.16"]

1. e4 e5 2. Nf3 Nc6 3. Bc4 Bc5 4. c3 Nf6 5. d3 a6 6. a4 d6 7. O-O O-O 8. Re1 Ba7
9. h3 Ne7 10. Nbd2 Ng6 11. Nf1 c6 12. Ng3 h6 13. Bb3 d5 14. exd5 Nxd5 15. d4
exd4 16. Nxd4 Bb6 17. Bc4 Bc7 18. Qb3 Bxg3 19. fxg3 Qd6 20. Kh2 Bd7 21. a5 h5
22. Qa3 Qc7 23. Qc5 h4 24. Ne2 Be6 25. Bd3 Rae8 26. Qf2 Bc8 27. Ra4 Re6 28. Bg5
hxg3+ 29. Nxg3 Rfe8 30. Rxe6 Rxe6 31. Kg1 Re5 32. Bd2 Re6 33. Bg5 Re5 34. h4 Re8
35. h5 Ne5 36. Be2 Qd6 37. Ne4 Qe6 38. Qg3 f5 39. Nc5 Qf7 40. h6 Ng4 41. Bxg4 1/2-1/2

[Event "69th ch-RUS 2016"]
[Site "Novosibirsk RUS"]
[Date "2016.10.20"]
[Round "5.1"]
[White "Tomashevsky, Evgeny"]
[Black "Inarkiev, Ernesto"]
[Result "1-0"]
[WhiteTitle "GM"]
[BlackTitle "GM"]
[WhiteElo "2724"]
[BlackElo "2732"]
[WhiteFideId "4147235"]
[BlackFideId "4162722"]
[EventDate "2016.10.16"]

1. d4 Nf6 2. c4 e6 3. Nf3 d5 4. Nc3 Bb4 5. Bg5 h6 6. Bxf6 Qxf6 7. Qb3 c5 8. cxd5
exd5 9. a3 Bxc3+ 10. Qxc3 b6 11. e3 O-O 12. dxc5 Qxc3+ 13. bxc3 bxc5 14. O-O-O
Be6 15. c4 dxc4 16. Ne5 Re8 17. Rd6 Bf5 18. Nxc4 Nd7 19. Bd3 Bxd3 20. Rxd3 Nb6
21. Nd6 Re5 22. Kc2 Rd5 23. Rxd5 Nxd5 24. Rb1 Rd8 25. Nc4 f6 26. Rb7 Ra8 27. Nd6
g6 28. Rd7 Nb6 29. Rc7 f5 30. Rxc5 Rd8 31. Nc4 Nxc4 32. Rxc4 Rd7 33. Rc6 Kg7 34.
h4 Re7 35. g3 g5 36. h5 f4 37. Kd3 fxg3 38. fxg3 Rd7+ 39. Ke2 Re7 40. Ra6 Kh7
41. g4 Kg7 42. a4 Rf7 43. a5 Re7 44. Rg6+ Kh7 45. Rd6 Kg7 46. Rc6 Kh7 47. a6 Kg7
48. Rc8 Re6 49. Rc7+ Kf6 50. Rxa7 Ke5 51. Ra8 Ke4 52. a7 Re7 53. Kd2 Ke5 54. Kc3
Rc7+ 55. Kb4 Rb7+ 56. Kc4 Rc7+ 57. Kb5 Re7 58. Kc5 1-0

[Event "69th ch-RUS 2016"]
[Site "Novosibirsk RUS"]
[Date "2016.10.20"]
[Round "5.2"]
[White "Riazantsev, Alexander"]
[Black "Fedoseev, Vladimir3"]
[Result "1/2-1/2"]
[WhiteTitle "GM"]
[BlackTitle "GM"]
[WhiteElo "2651"]
[BlackElo "2665"]
[WhiteFideId "4125029"]
[BlackFideId "24130737"]
[EventDate "2016.10.16"]

1. d4 Nf6 2. c4 e6 3. Nf3 a6 4. Nc3 d5 5. cxd5 exd5 6. Bg5 Be6 7. e3 Nbd7 8. Bd3
h6 9. Bh4 g5 10. Bg3 Nh5 11. Be5 Ng7 12. Bg3 Nh5 13. Be5 Ng7 14. Bg3 1/2-1/2

[Event "69th ch-RUS 2016"]
[Site "Novosibirsk RUS"]
[Date "2016.10.20"]
[Round "5.3"]
[White "Kokarev, Dmitry"]
[Black "Svidler, Peter"]
[Result "1/2-1/2"]
[WhiteTitle "GM"]
[BlackTitle "GM"]
[WhiteElo "2636"]
[BlackElo "2745"]
[WhiteFideId "4132181"]
[BlackFideId "4102142"]
[EventDate "2016.10.16"]

1. e4 e5 2. Nf3 Nc6 3. Bb5 a6 4. Ba4 Nf6 5. O-O Be7 6. Re1 b5 7. Bb3 d6 8. c3
O-O 9. h3 Nb8 10. d4 Nbd7 11. Nbd2 Bb7 12. Bc2 Re8 13. Nf1 Bf8 14. Ng3 g6 15. a4
c5 16. d5 c4 17. Bg5 h6 18. Be3 Nc5 19. Qd2 h5 20. Bxc5 dxc5 21. Qe3 Qc7 22. Nf1
Reb8 23. N1d2 Bg7 24. Bd1 Bc8 25. Ra2 Ne8 26. Be2 Nd6 27. Rea1 Bb7 28. Bf1 Re8
29. axb5 axb5 30. Rxa8 Rxa8 31. Rxa8+ Bxa8 32. g3 Bb7 33. h4 Bc8 34. Kh2 f6 35.
Bh3 Bxh3 36. Kxh3 Kh7 37. Ne1 Bh6 38. f4 Qa7 39. Ndf3 Qe7 40. Nd2 Qa7 41. Ndf3
Qd7+ 42. Kh2 Qe7 43. Nd2 exf4 44. gxf4 f5 45. Nef3 fxe4 46. Ng5+ Bxg5 47. hxg5
Kg7 48. Qxc5 e3 49. Qd4+ Kg8 50. Nf3 e2 51. Qb6 Kh7 52. Kg2 Qe4 53. Kf2 e1=Q+
54. Nxe1 Qxf4+ 55. Nf3 Ne4+ 1/2-1/2

[Event "69th ch-RUS 2016"]
[Site "Novosibirsk RUS"]
[Date "2016.10.20"]
[Round "5.4"]
[White "Goganov, Aleksey"]
[Black "Vitiugov, Nikita"]
[Result "1/2-1/2"]
[WhiteTitle "GM"]
[BlackTitle "GM"]
[WhiteElo "2635"]
[BlackElo "2721"]
[WhiteFideId "24109959"]
[BlackFideId "4152956"]
[EventDate "2016.10.16"]

1. d4 Nf6 2. c4 e6 3. Nf3 d5 4. Nc3 Nbd7 5. Bf4 dxc4 6. e3 Nb6 7. Bxc4 Nxc4 8.
Qa4+ c6 9. Qxc4 Nd5 10. O-O Nxf4 11. exf4 Be7 12. Rad1 O-O 13. Ne5 Qd6 14. Rfe1
f6 15. Nd3 b5 16. Qb3 Qxd4 17. Re4 Qb6 18. f5 Rd8 19. Nf4 Rxd1+ 20. Nxd1 Qc5 21.
Ne3 a5 22. Nxe6 a4 23. Nxc5+ axb3 24. Nxb3 Kf7 25. a3 c5 26. Kf1 Bd6 27. Ke2 Bd7
28. h3 Rc8 29. Nc1 Ra8 30. g4 Ra6 31. Kd2 Bc6 32. Re6 Bd7 33. Re4 Bc6 34. Re6
Bd7 35. Re4 1/2-1/2

[Event "69th ch-RUS 2016"]
[Site "Novosibirsk RUS"]
[Date "2016.10.20"]
[Round "5.5"]
[White "Grischuk, Alexander"]
[Black "Oparin, Grigoriy"]
[Result "1-0"]
[WhiteTitle "GM"]
[BlackTitle "GM"]
[WhiteElo "2752"]
[BlackElo "2617"]
[WhiteFideId "4126025"]
[BlackFideId "24125890"]
[EventDate "2016.10.16"]

1. e4 c5 2. Nf3 d6 3. d4 Nf6 4. Nc3 cxd4 5. Nxd4 a6 6. Be3 e5 7. Nf3 Qc7 8. Be2
Be7 9. a4 O-O 10. O-O Be6 11. a5 Nbd7 12. Ng5 Bc4 13. Ra4 Bxe2 14. Qxe2 Rac8 15.
Nf3 Qb8 16. Ne1 Nc5 17. Bxc5 dxc5 18. Nf3 Rfd8 19. Nb1 Qd6 20. Nbd2 Qc6 21. b3
Bd6 22. Re1 Bc7 23. Nc4 Re8 24. g3 Rcd8 25. Kg2 g6 26. Nb2 Re7 27. Qe3 Kg7 28.
Qc3 Nd7 29. Rd1 f6 30. Rc4 Qb5 31. Ra1 Bd6 32. Na4 Ree8 33. Ne1 Be7 34. Nd3 Rc8
35. h4 h5 36. Rd1 Red8 37. Rg1 Qc6 38. Kh2 Qe6 39. Kg2 Rc6 40. Rd1 Rdc8 41. Ra1
R8c7 42. Qe1 Rd6 43. Nc3 Rd4 44. Nd5 Rc6 45. Qe2 Kf7 46. c3 Rxd5 47. exd5 Qxd5+
48. Qf3 Qxf3+ 49. Kxf3 f5 50. Ke2 e4 51. Nf4 Ne5 52. Rca4 c4 53. Rb1 cxb3 54.
Rxb3 Nd7 55. Rxb7 Nc5 56. Rc4 1-0

[Event "69th ch-RUS 2016"]
[Site "Novosibirsk RUS"]
[Date "2016.10.20"]
[Round "5.6"]
[White "Jakovenko, Dmitry"]
[Black "Bocharov, Dmitry"]
[Result "1-0"]
[WhiteTitle "GM"]
[BlackTitle "GM"]
[WhiteElo "2714"]
[BlackElo "2611"]
[WhiteFideId "4122356"]
[BlackFideId "4138716"]
[EventDate "2016.10.16"]

1. e4 d6 2. d4 Nf6 3. Nc3 g6 4. Nf3 Bg7 5. Be2 O-O 6. O-O Nc6 7. d5 Ne5 8. Nxe5
dxe5 9. Bg5 h6 10. Bh4 Ne8 11. Na4 g5 12. Bg3 Nd6 13. f3 e6 14. c4 exd5 15. cxd5
f5 16. Qc2 f4 17. Bf2 b6 18. Rfc1 Rf7 19. Nc3 a6 20. a4 h5 21. Nb1 g4 22. Ra3
Qg5 23. Nd2 Bf8 24. Rc3 g3 25. hxg3 fxg3 26. Be3 Qh4 27. Nf1 Ne8 28. d6 Nxd6 29.
Rxc7 Be6 30. Rxf7 Bxf7 31. Qd2 Be7 32. Qe1 Bg5 33. Bxg5 Qxg5 34. Qxg3 Qxg3 35.
Nxg3 h4 36. Nf5 Nxf5 37. exf5 a5 38. Rc6 Rb8 39. Kh2 Be8 40. Rc7 Bxa4 41. Bc4+
Kh8 42. Kh3 1-0

[Event "69th ch-RUS 2016"]
[Site "Novosibirsk RUS"]
[Date "2016.10.21"]
[Round "6.1"]
[White "Inarkiev, Ernesto"]
[Black "Bocharov, Dmitry"]
[Result "1-0"]
[WhiteTitle "GM"]
[BlackTitle "GM"]
[WhiteElo "2732"]
[BlackElo "2611"]
[WhiteFideId "4162722"]
[BlackFideId "4138716"]
[EventDate "2016.10.16"]

1. e4 c6 2. d4 d5 3. e5 Bf5 4. Nf3 e6 5. Be2 Ne7 6. O-O h6 7. Nbd2 Nd7 8. a4 Bh7
9. a5 Ng6 10. g3 Be7 11. Ne1 O-O 12. f4 c5 13. c3 Rc8 14. Ndf3 cxd4 15. cxd4 Bb4
16. a6 bxa6 17. Bxa6 Rb8 18. Nd3 Be7 19. Bd2 Nb6 20. b3 Na8 21. Ba5 Qd7 22. Qc2
Bd8 23. Nc5 Qe7 24. Bxd8 Rfxd8 25. Bd3 Nf8 26. Bxh7+ Nxh7 27. Qa2 Nc7 28. Qxa7
Ra8 29. Qb7 Rab8 30. Qa7 Ra8 31. Qb6 Rab8 32. Qc6 Nb5 33. Ra5 Nc3 34. Rfa1 Rbc8
35. Qb7 Qe8 36. Qa6 Ne4 37. b4 Nf8 38. Qd3 Rb8 39. Rb1 Ng6 40. b5 Rb6 41. Nd2
Ne7 42. Ndxe4 dxe4 43. Nxe4 Nf5 44. Ra4 Qd7 45. Kf2 Qd5 46. Nc3 Qd7 47. Rab4 Ra8
48. d5 exd5 49. Qxd5 Qe8 50. Rd1 Rc8 51. Rc4 Rbb8 52. Rxc8 Rxc8 53. Qd3 Qf8 54.
Nd5 Qc5+ 55. Kg2 g6 56. g4 Ne7 57. Rc1 Qxc1 58. Nxe7+ Kg7 59. Nxc8 Qxc8 60. f5
Qb7+ 61. Kh3 h5 62. f6+ Kh6 63. gxh5 Kxh5 64. Qe2+ Kh6 65. Qe3+ Kh5 66. Kg3 Qc7
67. h4 1-0

[Event "69th ch-RUS 2016"]
[Site "Novosibirsk RUS"]
[Date "2016.10.21"]
[Round "6.2"]
[White "Oparin, Grigoriy"]
[Black "Jakovenko, Dmitry"]
[Result "1/2-1/2"]
[WhiteTitle "GM"]
[BlackTitle "GM"]
[WhiteElo "2617"]
[BlackElo "2714"]
[WhiteFideId "24125890"]
[BlackFideId "4122356"]
[EventDate "2016.10.16"]

1. Nf3 d5 2. g3 g6 3. Bg2 Bg7 4. O-O e5 5. d3 Ne7 6. c4 c6 7. Qc2 O-O 8. Bg5 Be6
9. cxd5 cxd5 10. Qd2 Nbc6 11. Nc3 Qd7 12. Bh6 Bxh6 13. Qxh6 f6 14. Qd2 Rac8 15.
Rfc1 Kg7 16. Qd1 Nd8 17. Nd2 Nf7 18. e3 g5 19. Ne2 Bg4 20. Kf1 h5 21. Rxc8 Rxc8
22. Rc1 Rxc1 23. Qxc1 Qb5 24. Qc3 Bxe2+ 25. Kxe2 e4 26. Qb3 Qa6 27. Kd1 exd3 28.
Bxd5 Nxd5 29. Qxd5 Ne5 30. f4 Qa4+ 31. Ke1 Qc2 32. Qxb7+ Kg6 33. Qe4+ Kh6 34.
fxg5+ Kxg5 35. Qf4+ Kg6 36. e4 Qxb2 37. h3 Qxa2 38. g4 hxg4 39. hxg4 Qa1+ 40.
Kf2 Qh1 41. g5 Qh8 42. Nf3 Nxf3 43. Qf5+ Kf7 1/2-1/2

[Event "69th ch-RUS 2016"]
[Site "Novosibirsk RUS"]
[Date "2016.10.21"]
[Round "6.3"]
[White "Vitiugov, Nikita"]
[Black "Grischuk, Alexander"]
[Result "1/2-1/2"]
[WhiteTitle "GM"]
[BlackTitle "GM"]
[WhiteElo "2721"]
[BlackElo "2752"]
[WhiteFideId "4152956"]
[BlackFideId "4126025"]
[EventDate "2016.10.16"]

1. d4 Nf6 2. c4 g6 3. f3 c5 4. d5 d6 5. e4 e6 6. Nc3 exd5 7. cxd5 Bg7 8. Nge2 a6
9. a4 Nbd7 10. Ng3 Nh5 11. Nxh5 gxh5 12. Be2 Bd4 13. Bf4 Rg8 14. g3 Ne5 15. Qd2
Bh3 16. Bxe5 dxe5 17. Bf1 Bd7 18. Ne2 h4 19. Nxd4 cxd4 20. Kf2 Rc8 21. Bd3 Qf6
22. Rhg1 h5 23. Ke2 Rg6 24. a5 Kf8 25. Rac1 Rxc1 26. Qxc1 Kg7 27. gxh4 Qxh4 28.
Rxg6+ Kxg6 29. Qg1+ Qg5 30. Qxg5+ Kxg5 31. b3 Kf6 32. h4 Bb5 33. Bxb5 axb5 34.
b4 Ke7 35. Ke1 Kd6 36. Kd1 Ke7 37. Ke1 Kd6 38. Kd1 Ke7 39. Ke1 Kd6 40. Kd1 Ke7 1/2-1/2

[Event "69th ch-RUS 2016"]
[Site "Novosibirsk RUS"]
[Date "2016.10.21"]
[Round "6.4"]
[White "Svidler, Peter"]
[Black "Goganov, Aleksey"]
[Result "1/2-1/2"]
[WhiteTitle "GM"]
[BlackTitle "GM"]
[WhiteElo "2745"]
[BlackElo "2635"]
[WhiteFideId "4102142"]
[BlackFideId "24109959"]
[EventDate "2016.10.16"]

1. c4 c6 2. Nf3 d5 3. g3 Bg4 4. Ne5 Be6 5. Bg2 dxc4 6. Qc2 g6 7. Nxc4 Bg7 8. d3
Nh6 9. Ne3 Qc8 10. h4 Na6 11. Bd2 Nc7 12. Bc3 O-O 13. Bxg7 Kxg7 14. Nc3 Qd8 15.
h5 f6 16. Ne4 Nf7 17. Nc5 Bc8 18. hxg6 hxg6 19. Rh4 Ne6 20. Qc3 Nxc5 21. Qxc5
Qd6 22. Qa5 Be6 23. Rc1 Rh8 24. Rxh8 Rxh8 25. a3 Qd4 26. Qc3 Qxc3+ 27. Rxc3 Nd6
28. d4 Nb5 29. Rd3 Rd8 30. d5 cxd5 31. Nxd5 Kf7 32. Be4 Nd6 33. Nf4 Bf5 34. Bxf5
gxf5 35. Rc3 Rd7 36. f3 Nb5 37. Rc5 Nd4 38. Kf2 e5 39. Nd3 Ne6 40. Rc8 1/2-1/2

[Event "69th ch-RUS 2016"]
[Site "Novosibirsk RUS"]
[Date "2016.10.21"]
[Round "6.5"]
[White "Fedoseev, Vladimir3"]
[Black "Kokarev, Dmitry"]
[Result "1/2-1/2"]
[WhiteTitle "GM"]
[BlackTitle "GM"]
[WhiteElo "2665"]
[BlackElo "2636"]
[WhiteFideId "24130737"]
[BlackFideId "4132181"]
[EventDate "2016.10.16"]

1. e4 c5 2. Nf3 d6 3. d4 cxd4 4. Nxd4 Nf6 5. Nc3 a6 6. h3 e6 7. g4 d5 8. exd5
Nxd5 9. Nde2 Bb4 10. Bg2 O-O 11. O-O Nxc3 12. Nxc3 Qc7 13. Qd4 Nc6 14. Bxc6 Bxc3
15. Qxc3 bxc6 16. Be3 e5 17. Rae1 Bd7 18. Bc5 Rfe8 19. Re3 f6 20. Rfe1 Be6 21.
f4 Bf7 22. fxe5 Rxe5 23. Rxe5 fxe5 24. Rxe5 Re8 25. Rxe8+ Bxe8 26. Qe3 Bg6 27.
c3 h5 28. Kg2 hxg4 29. hxg4 Qf7 30. a3 Qb3 31. Qf2 Qc2 32. Kg3 Qxf2+ 33. Kxf2
Kf7 34. Ke3 Bc2 35. Kd4 a5 36. Ke5 a4 37. g5 g6 38. Kd6 Be4 39. Bd4 Bd5 40. Kd7
Kf8 41. Bc5+ Kf7 42. Bb4 Bf3 43. c4 Be2 44. c5 Bb5 45. Bd2 Kf8 46. Bf4 Kf7 47.
Bd6 Kg8 48. Ke7 Kg7 49. Be5+ Kg8 50. Kf6 Kh7 51. b3 axb3 52. Bb2 Ba4 53. Ke5 Kg8
54. Kd4 Kf7 55. Kc4 Ke6 56. Kb4 Bb5 57. a4 Be2 58. Ka5 Kd7 59. Kb6 Kc8 60. Kxc6
Bf3+ 61. Kd6 Kb7 62. a5 Ka6 1/2-1/2

[Event "69th ch-RUS 2016"]
[Site "Novosibirsk RUS"]
[Date "2016.10.21"]
[Round "6.6"]
[White "Tomashevsky, Evgeny"]
[Black "Riazantsev, Alexander"]
[Result "1/2-1/2"]
[WhiteTitle "GM"]
[BlackTitle "GM"]
[WhiteElo "2724"]
[BlackElo "2651"]
[WhiteFideId "4147235"]
[BlackFideId "4125029"]
[EventDate "2016.10.16"]

1. d4 Nf6 2. c4 e6 3. Nf3 d5 4. g3 Bb4+ 5. Bd2 Be7 6. Bg2 O-O 7. O-O Nbd7 8. Qc2
c6 9. Bf4 a5 10. Nbd2 Nh5 11. Be3 Bd6 12. Nb3 Qe7 13. Nc1 b5 14. c5 Bc7 15. Bg5
f6 16. Bd2 f5 17. Nd3 Bb7 18. Nfe5 Nhf6 19. Bf4 Nxe5 20. Bxe5 Ng4 21. Bxc7 Qxc7
22. Qd2 b4 23. f3 Nf6 24. Ne5 Ba6 25. f4 Nd7 26. Nxd7 Qxd7 27. Bf3 Rfb8 28. Kh1
a4 29. Rg1 Qe7 30. g4 Bc8 31. Rg3 Ra7 32. e3 a3 33. b3 Qf6 34. Rag1 Re7 35. Be2
Bd7 36. Bd3 Be8 37. R1g2 Kh8 38. Kg1 Kg8 39. Qd1 Bg6 40. Qc2 Rc7 41. Qb1 Re7 42.
Qc2 Rc7 43. Rf2 Rf7 44. Rfg2 1/2-1/2

[Event "69th ch-RUS 2016"]
[Site "Novosibirsk RUS"]
[Date "2016.10.23"]
[Round "7.1"]
[White "Riazantsev, Alexander"]
[Black "Inarkiev, Ernesto"]
[Result "1/2-1/2"]
[WhiteTitle "GM"]
[BlackTitle "GM"]
[WhiteElo "2651"]
[BlackElo "2732"]
[WhiteFideId "4125029"]
[BlackFideId "4162722"]
[EventDate "2016.10.16"]

1. d4 Nf6 2. c4 e6 3. Nf3 d5 4. Nc3 Bb4 5. Bg5 h6 6. Bxf6 Qxf6 7. e3 c5 8. Rc1
dxc4 9. Bxc4 cxd4 10. Qa4+ Bd7 11. Qxb4 dxc3 12. Qxc3 Qxc3+ 13. Rxc3 Nc6 14. Ke2
Ke7 15. Rhc1 Rhc8 16. a3 Na5 17. Bd3 Rxc3 18. Rxc3 Rc8 19. Kd2 Kd6 20. Rxc8 Bxc8
21. Nd4 Nc6 22. Nxc6 Kxc6 23. Kc3 a5 24. Be4+ Kc5 25. Bd3 b6 26. h4 g5 27. hxg5
hxg5 28. g3 e5 29. Bc4 f6 30. b4+ axb4+ 31. axb4+ Kd6 32. Bb3 Bd7 33. Bc4 Bc8
34. Bb3 Bd7 35. Bc4 Bc8 36. Bb3 Bd7 1/2-1/2

[Event "69th ch-RUS 2016"]
[Site "Novosibirsk RUS"]
[Date "2016.10.23"]
[Round "7.2"]
[White "Kokarev, Dmitry"]
[Black "Tomashevsky, Evgeny"]
[Result "1/2-1/2"]
[WhiteTitle "GM"]
[BlackTitle "GM"]
[WhiteElo "2636"]
[BlackElo "2724"]
[WhiteFideId "4132181"]
[BlackFideId "4147235"]
[EventDate "2016.10.16"]

1. e4 e5 2. Nf3 Nc6 3. Bb5 a6 4. Ba4 Nf6 5. O-O Be7 6. Re1 b5 7. Bb3 O-O 8. c3
d5 9. exd5 Nxd5 10. Nxe5 Nxe5 11. Rxe5 c6 12. d3 Bd6 13. Re1 Bf5 14. Qf3 Qh4 15.
g3 Qh3 16. Be3 Bxd3 17. Nd2 Qf5 18. Bd4 Rfe8 19. Kg2 h6 20. a4 Qxf3+ 21. Nxf3
Rac8 22. axb5 axb5 23. Ne5 Bxe5 24. Rxe5 Rxe5 25. Bxe5 Re8 26. Bd4 Re2 27. Bxd5
cxd5 28. b4 h5 29. Kf3 Re4 30. h4 Kh7 31. Ra7 Kg6 32. Ra6+ Kh7 33. Ra7 Kg6 34.
Ra6+ Kh7 1/2-1/2

[Event "69th ch-RUS 2016"]
[Site "Novosibirsk RUS"]
[Date "2016.10.23"]
[Round "7.3"]
[White "Goganov, Aleksey"]
[Black "Fedoseev, Vladimir3"]
[Result "1/2-1/2"]
[WhiteTitle "GM"]
[BlackTitle "GM"]
[WhiteElo "2635"]
[BlackElo "2665"]
[WhiteFideId "24109959"]
[BlackFideId "24130737"]
[EventDate "2016.10.16"]

1. d4 Nf6 2. c4 e6 3. Nf3 a6 4. Bg5 h6 5. Bh4 c5 6. Nc3 cxd4 7. Nxd4 Bb4 8. e3
O-O 9. Be2 d6 10. Qc2 e5 11. Nb3 Be6 12. O-O Bxc3 13. Bxf6 Qxf6 14. Qxc3 Nc6 15.
Rfd1 Rfd8 16. Na5 Nxa5 17. Qxa5 Rd7 18. Rd2 Qd8 19. Qb4 Qc7 20. Rad1 Rad8 21. b3
d5 22. cxd5 Rxd5 23. Rxd5 Rxd5 24. Rxd5 Bxd5 25. Qd2 Be6 26. b4 b5 27. f3 Kf8
28. Kf2 Ke7 29. a3 Bb3 30. Qb2 Bd5 31. Qd2 Bb3 32. Qb2 Bd5 33. Qd2 1/2-1/2

[Event "69th ch-RUS 2016"]
[Site "Novosibirsk RUS"]
[Date "2016.10.23"]
[Round "7.4"]
[White "Grischuk, Alexander"]
[Black "Svidler, Peter"]
[Result "1/2-1/2"]
[WhiteTitle "GM"]
[BlackTitle "GM"]
[WhiteElo "2752"]
[BlackElo "2745"]
[WhiteFideId "4126025"]
[BlackFideId "4102142"]
[EventDate "2016.10.16"]

1. e4 e5 2. Nf3 Nc6 3. Bb5 a6 4. Ba4 Nf6 5. O-O Be7 6. Re1 b5 7. Bb3 O-O 8. c3
d5 9. exd5 Nxd5 10. Nxe5 Nxe5 11. Rxe5 c6 12. d3 Bd6 13. Re1 Bf5 14. Qf3 Bg6 15.
Na3 Bxa3 16. bxa3 Nxc3 17. Bd2 Nd5 18. Rac1 Rc8 19. Rc5 Re8 20. Rec1 Qd7 21. h4
h5 22. Qg3 Kh7 23. a4 Nf6 24. axb5 axb5 25. Rg5 Re2 26. Bc3 Ng4 27. Bd1 Rce8 28.
Bxe2 Rxe2 29. Rf1 Rxa2 30. Rc5 f6 31. d4 b4 32. Bxb4 Qxd4 33. Qc3 Qf4 34. g3 Qb8
35. Ra5 Re2 36. Bc5 Rc2 37. Qa3 Qe5 38. Be3 Qe4 39. Ra4 Qf3 40. Qe7 Ne5 41. Rf4 1/2-1/2

[Event "69th ch-RUS 2016"]
[Site "Novosibirsk RUS"]
[Date "2016.10.23"]
[Round "7.5"]
[White "Jakovenko, Dmitry"]
[Black "Vitiugov, Nikita"]
[Result "1/2-1/2"]
[WhiteTitle "GM"]
[BlackTitle "GM"]
[WhiteElo "2714"]
[BlackElo "2721"]
[WhiteFideId "4122356"]
[BlackFideId "4152956"]
[EventDate "2016.10.16"]

1. d4 Nf6 2. c4 e6 3. Nf3 Bb4+ 4. Nbd2 O-O 5. e3 b6 6. Bd3 Bb7 7. O-O d5 8. b3
Nbd7 9. Bb2 Rc8 10. Qe2 c5 11. a3 Bxd2 12. Nxd2 cxd4 13. exd4 Qc7 14. f4 Rfe8
15. Rae1 Nf8 16. Nf3 Ne4 17. Bxe4 dxe4 18. Ne5 f6 19. Ng4 Ng6 20. Qf2 b5 21.
cxb5 Qc2 22. b4 Qd3 23. Ne3 Ne7 24. Qe2 Nd5 25. f5 Nxe3 26. Qxe3 Rc2 27. Rf2
Qxe3 28. Rxe3 Rxf2 29. Kxf2 exf5 30. d5 f4 31. Re1 Bxd5 32. Bd4 e3+ 33. Kg1 Re4
34. Bxa7 Rc4 35. g3 g5 36. gxf4 gxf4 37. Rd1 Bf3 38. Rf1 Bb7 39. Rd1 Bf3 40. Rf1
Bb7 41. h3 Kf7 42. Bc5 Kg6 43. a4 Kg5 44. Re1 Kh4 45. a5 Kg3 46. a6 Bd5 47. Bxe3
Rc2 48. Bxf4+ Kxf4 49. Rd1 Bf3 50. b6 Kg3 51. b7 Rg2+ 52. Kf1 Rf2+ 53. Kg1 Rg2+
54. Kf1 1/2-1/2

[Event "69th ch-RUS 2016"]
[Site "Novosibirsk RUS"]
[Date "2016.10.23"]
[Round "7.6"]
[White "Bocharov, Dmitry"]
[Black "Oparin, Grigoriy"]
[Result "1/2-1/2"]
[WhiteTitle "GM"]
[BlackTitle "GM"]
[WhiteElo "2611"]
[BlackElo "2617"]
[WhiteFideId "4138716"]
[BlackFideId "24125890"]
[EventDate "2016.10.16"]

1. d4 Nf6 2. c4 e6 3. Nc3 Bb4 4. Qc2 O-O 5. Nf3 d5 6. Bg5 h6 7. Bxf6 Qxf6 8. a3
Bxc3+ 9. Qxc3 c6 10. e3 Nd7 11. Be2 dxc4 12. Bxc4 b6 13. O-O Bb7 14. Rac1 c5 15.
Be2 Rac8 16. b4 cxd4 17. Qxd4 Qe7 18. Rfd1 Nf6 19. Ne5 Rxc1 20. Rxc1 Rd8 21. Qb2
Qd6 22. h3 Kf8 23. Bf3 Bxf3 24. Nxf3 Nd5 25. Nd4 Ne7 26. Nb5 Qd7 27. Qe5 a6 28.
Nd4 Qd5 29. Qg3 e5 30. Nf3 f6 31. Qg4 Qd7 32. Qc4 Rc8 33. Qf1 Rxc1 34. Qxc1 Qd3
35. Nd2 b5 36. Nf1 Kf7 37. Ng3 g6 38. Nf1 h5 39. Nh2 Ke6 40. Nf3 Qc4 41. Qb1 Qc3
42. Qa2+ Qc4 43. Qb1 Qc3 44. Qa2+ Qc4 45. Qb2 Nf5 46. Nd2 Qd3 47. Nb3 Ke7 48.
Nc5 Qd1+ 49. Kh2 Nd6 50. Qa2 Nc4 51. a4 Kf8 52. h4 f5 53. axb5 Nd2 54. Qa4 Nf1+
55. Kg1 Qe1 56. Nd3 Qb1 57. Nxe5 Nxe3+ 58. Kh2 Nf1+ 59. Kg1 Ne3+ 60. Kh2 Nf1+
61. Kg1 Ne3+ 1/2-1/2

[Event "69th ch-RUS 2016"]
[Site "Novosibirsk RUS"]
[Date "2016.10.24"]
[Round "8.1"]
[White "Inarkiev, Ernesto"]
[Black "Oparin, Grigoriy"]
[Result "1-0"]
[WhiteTitle "GM"]
[BlackTitle "GM"]
[WhiteElo "2732"]
[BlackElo "2617"]
[WhiteFideId "4162722"]
[BlackFideId "24125890"]
[EventDate "2016.10.16"]

1. e4 c5 2. Nf3 d6 3. d4 Nf6 4. Nc3 cxd4 5. Nxd4 a6 6. Be3 e5 7. Nb3 Be6 8. Qd2
Nbd7 9. f3 h5 10. Nd5 Bxd5 11. exd5 g6 12. O-O-O Nb6 13. Kb1 Nbxd5 14. Bg5 Be7
15. c4 Nc7 16. Na5 Rb8 17. c5 d5 18. c6 b6 19. Nb7 Qc8 20. Qe3 Qe6 21. Qxb6 Rc8
22. Bxf6 Qxf6 23. Bxa6 O-O 24. Rc1 Rfe8 25. Rhd1 Bf8 26. Bf1 Bg7 27. Rc2 Re6 28.
Na5 Qe7 29. a3 Kh7 30. Bc4 e4 31. Rxd5 exf3 32. Rd7 Re1+ 33. Ka2 Qe4 34. Qf2 Qe5
35. Nb3 fxg2 36. Qxg2 f5 37. Nd4 Re4 38. Nf3 Rd4 1-0

[Event "69th ch-RUS 2016"]
[Site "Novosibirsk RUS"]
[Date "2016.10.24"]
[Round "8.2"]
[White "Vitiugov, Nikita"]
[Black "Bocharov, Dmitry"]
[Result "1-0"]
[WhiteTitle "GM"]
[BlackTitle "GM"]
[WhiteElo "2721"]
[BlackElo "2611"]
[WhiteFideId "4152956"]
[BlackFideId "4138716"]
[EventDate "2016.10.16"]

1. d4 Nf6 2. c4 e6 3. Nc3 Bb4 4. Nf3 b6 5. Qc2 Bb7 6. a3 Bxc3+ 7. Qxc3 O-O 8.
Bg5 d6 9. Nd2 c5 10. dxc5 bxc5 11. e3 Nbd7 12. Bd3 h6 13. Bh4 a5 14. O-O Qb6 15.
Rfe1 d5 16. cxd5 exd5 17. Rac1 Rac8 18. Bf5 Rc7 19. e4 Re8 20. Bg3 Rcc8 21. e5
d4 22. Qb3 Qc6 23. Nf3 c4 24. Qd1 Qc5 25. Bh3 Bxf3 26. gxf3 Rcd8 27. exf6 Rxe1+
28. Qxe1 Nxf6 29. Qe5 Nd5 30. Bf5 c3 1-0